| 000 | 01235cam a2200373 4500 | ||
|---|---|---|---|
| 001 | 4846075 | ||
| 003 | DO-SdBNP | ||
| 005 | 20230320124402.0 | ||
| 007 | 4846075 | ||
| 008 | 101022s2002 mx |||| 000 0 spa | ||
| 015 | _a | ||
| 017 |
_a _b |
||
| 020 | _a9681910893 | ||
| 035 | _a | ||
| 040 |
_aBPMSU _bspa _cBPMSU _e |
||
| 080 | _a | ||
| 080 | _a | ||
| 082 | 4 |
_a530.1 _bP238u 2002 _222 |
|
| 100 | 1 |
_aParker, Barry _d1867-1947 |
|
| 245 | 1 | 3 |
_aEl universo de Einstein : _buna obra indispensable para comprender la vida y las ideas del científico más importante del Siglo XX / _c Barry Parker ; traducción Fernando Álvarez del Castillo |
| 246 | 1 | 3 | _aEl universo de Einstein |
| 260 |
_aMéxico : _bAguilar _c2002 |
||
| 300 |
_a323 p. ; _c24 cm |
||
| 504 | _aBibliografía: p. 207-208 | ||
| 534 |
_bTítulo original : _tEinstein is Brainchild |
||
| 590 | _6Inventariado, 2023/VM | ||
| 600 | 1 | 7 |
_aEinstein, Albert _d1879-1955 _xCrítica e interpretación. _2 |
| 650 | 4 |
_aRelatividad (Física) _v Teorías. _2 _y |
|
| 650 | 4 |
_aCosmología. _2 |
|
| 650 | 4 |
_vTeorías. _aGravitación |
|
| 700 | 1 |
_aÁlvarez del Castillo, Fernando _etr. |
|
| 910 | _aVMateo V. Cotrol de calidad (BPMSU) | ||
| 942 |
_2ddc _cBK |
||
| 999 |
_c9262 _d9262 |
||